<?xml version="1.0" encoding="UTF-8"?>
<record
    xmlns:xsi="http://www.w3.org/2001/XMLSchema-instance"
    xsi:schemaLocation="http://www.loc.gov/MARC21/slim http://www.loc.gov/standards/marcxml/schema/MARC21slim.xsd"
    xmlns="http://www.loc.gov/MARC21/slim">

  <leader>03997nab a2200301 i 4500</leader>
  <controlfield tag="003">BR-BrBNA</controlfield>
  <controlfield tag="005">20241125124145.0</controlfield>
  <controlfield tag="008">241125b2017    bl.mr|pooa||| 00| 0 eng |</controlfield>
  <datafield tag="040" ind1=" " ind2=" ">
    <subfield code="a">BR-BrBNA</subfield>
    <subfield code="b">eng</subfield>
  </datafield>
  <datafield tag="072" ind1=" " ind2=" ">
    <subfield code="a">Q02</subfield>
  </datafield>
  <datafield tag="100" ind1=" " ind2=" ">
    <subfield code="a">Navarro-Garc&#xED;a, Gerardo </subfield>
  </datafield>
  <datafield tag="100" ind1=" " ind2=" ">
    <subfield code="a">G&#xE1;mez-Meza, Nohem&#xED; </subfield>
  </datafield>
  <datafield tag="100" ind1=" " ind2=" ">
    <subfield code="a">Medina-Ju&#xE1;rez, Luis Angel </subfield>
  </datafield>
  <datafield tag="100" ind1=" " ind2=" ">
    <subfield code="a">Ortega-Garc&#xED;a, Jes&#xFA;s </subfield>
  </datafield>
  <datafield tag="100" ind1=" " ind2=" ">
    <subfield code="a">Cota-Qui&#xF1;ones, Elizabeth </subfield>
  </datafield>
  <datafield tag="100" ind1=" " ind2=" ">
    <subfield code="a">Ramirez-Suarez, Juan Carlos </subfield>
  </datafield>
  <datafield tag="245" ind1=" " ind2=" ">
    <subfield code="a">Natural antioxidants in the stability of ray liver oil</subfield>
  </datafield>
  <datafield tag="500" ind1=" " ind2=" ">
    <subfield code="a">Publica&#xE7;&#xE3;o on-line; 21 ref.; 3 tables; Sumaries (En, Pt)</subfield>
  </datafield>
  <datafield tag="520" ind1=" " ind2=" ">
    <subfield code="a">

ABSTRACT - The effect of the addition of natural antioxidants on oxidative stability of ray (Rhinoptera bonasus) liver oil was evaluated. Different concentrations of rosemary extract, &#x3B1;-tocopherol, and caffeic acid (w/w) were added to the oil. Afterwards, concentration of each antioxidant that gave the highest stability was used in an accelerated stability test (Schaal method). The protective effect was established by the retention in the oil of fatty acids eicosapentaenoic (EPA) and docosahexaenoic (DHA), and concentration of volatile compounds. The best concentrations were: 2.5% of rosemary extract, 0.5% of &#x3B1;-tocopherol, and 0.06% of caffeic acid. Rosemary extract showed to be the product with the greatest ability to retard oxidation, followed by &#x3B1;-tocopherol, and caffeic acid. A high correlation between the peroxide value and the concentration of the 2-decenal, 1-penten-3-ol, and 2-octenal, was reported, suggesting that this can be used to assess the development of oxidative rancidity in the ray liver oil.

Key words: ray liver oil, natural antioxidants, EPA, DHA, volatile compounds.</subfield>
  </datafield>
  <datafield tag="520" ind1=" " ind2=" ">
    <subfield code="a">

RESUMO: Objetivo desta pesquisa foi avaliar o efeito da adi&#xE7;&#xE3;o de antioxidantes naturais sobre a estabilidade &#xE0; oxida&#xE7;&#xE3;o do &#xF3;leo de f&#xED;gado de gavi&#xE3;o-do-mar (Rhinoptera bonasus). Primeiro, determinou-se a concentra&#xE7;&#xE3;o de antioxidante que maior prote&#xE7;&#xE3;o proporcionava ao produto. Foram adicionadas diferentes quantidades de extrato de rosmaninho, &#x3B1;- tocoferol e &#xE1;cido cafeico (w/w) ao &#xF3;leo, sendo sujeito a aquecimento. O efeito protetor foi estabelecido a partir do n&#xED;vel de reten&#xE7;&#xE3;o de &#xE1;cidos gordos poli-insaturados eicosapentaenoico (EPA) e docosahexaenoico (DHA) nas amostras. Posteriormente, a concentra&#xE7;&#xE3;o que deu melhor resultado para cada antioxidante foi utilizada num estudo de armazenamento acelerado (M&#xE9;todo de Schaal), com a finalidade de estabelecer a durabilidade do produto.   Paralelamente, foi analisada a concentra&#xE7;&#xE3;o de compostos vol&#xE1;teis relacionados com a oxida&#xE7;&#xE3;o de &#xF3;leos de peixe. Observaram-se diferen&#xE7;as significativas entre a quantidade de EPA e DHA remanente, para as concentra&#xE7;&#xF5;es de antioxidantes adicionados, correspondendo os melhores resultados a: 2,5% extrato de rosmaninho, 0,5% &#x3B1;-tocoferol e 0,06% &#xE1;cido cafeico. Por outra parte, o desenvolvimento da prova de Schaal mostrou o extrato de rosmaninho, como o produto com a maior capacidade de retardar a oxida&#xE7;&#xE3;o, seguido por &#x3B1;-tocoferol, &#xE1;cido cafeico. Foi encontrada correla&#xE7;&#xE3;o entre o valor de per&#xF3;xido e a concentra&#xE7;&#xE3;o de compostos vol&#xE1;teis, 2-decenal, 1-penten-3-ol e 2-octenal, o que sugere que estes possam ser empregues, para determinar a evolu&#xE7;&#xE3;o do ran&#xE7;o oxidativo, no &#xF3;leo de f&#xED;gado de gavi&#xE3;o-do-mar (Rhinoptera bonasus).

Palavras-chave: &#xF3;leo de f&#xED;gado de gavi&#xE3;o-do-mar, antioxidantes naturais, EPA, DHA, compostos vol&#xE1;teis.</subfield>
  </datafield>
  <datafield tag="650" ind1=" " ind2=" ">
    <subfield code="a">&#xD3;LEO ANIMAL</subfield>
  </datafield>
  <datafield tag="650" ind1=" " ind2=" ">
    <subfield code="a">ANTIOXIDANTE</subfield>
  </datafield>
  <datafield tag="650" ind1=" " ind2=" ">
    <subfield code="a">ARRAIA</subfield>
  </datafield>
  <datafield tag="773" ind1="0" ind2=" ">
    <subfield code="0">2408</subfield>
    <subfield code="9">346527</subfield>
    <subfield code="d">Santa Maria-RS Universidade Federal de Santa Maria - Centro de Ci&#xEA;ncias Rurais 1991</subfield>
    <subfield code="o">2024-7198</subfield>
    <subfield code="t">Ci&#xEA;ncia Rural (Brazil)</subfield>
    <subfield code="x">0103-8478   Vers&#xE3;o online ISSN 1678-4596</subfield>
    <subfield code="g">v. 47(1) p.1 - 7; (2017)</subfield>
    <subfield code="w">BR2024003484</subfield>
  </datafield>
  <datafield tag="856" ind1=" " ind2=" ">
    <subfield code="u">https://www.scielo.br/j/cr/a/mFkhxx3qXsDgt4CWRpZwxrR/?format=pdf&amp;lang=en</subfield>
  </datafield>
  <datafield tag="942" ind1=" " ind2=" ">
    <subfield code="c">ANA</subfield>
  </datafield>
  <datafield tag="999" ind1=" " ind2=" ">
    <subfield code="c">328800</subfield>
    <subfield code="d">328800</subfield>
  </datafield>
</record>
